| 000 | 01837nam0a2200361 i 4500 | ||
|---|---|---|---|
| 001 | RU\NLR\bibl\1982542 | ||
| 005 | 20260409070736.0 | ||
| 010 |
_a9785859391806 _93000 |
||
| 021 |
_aRU _b2012-95587 _97077 |
||
| 035 | _a(NLR Aleph) 001971203 | ||
| 090 |
_a3957910 _c3957910 |
||
| 100 | _a20121225d2013 u y0rusy50 ca | ||
| 101 | 0 | _arus | |
| 102 | _aRU | ||
| 105 | _ay ||||||||| | ||
| 200 | 1 |
_aПо дороге к Азбуке _eметодические рекомендации для воспитателей, логопедов, учителей и родителей к частям 1 и 2 _fТ.Р. Кислова _gОбразоват. система "Школа 2100", Образоват. прогр. "Дет. сад 2100" (комплекс. прогр. развития и воспитания дошкольников) |
|
| 205 | _a[Изд. 4-е, испр.] | ||
| 210 |
_aМосква _cБаласс _d2013 [т.е. 2012] |
||
| 215 |
_a206, [1] с. _d26 |
||
| 225 | 1 | _aФедеральные государственные требования к структуре основной общеобразовательной программы дошкольного образования | |
| 300 | _aКн. фактически изд. в 2012 г. | ||
| 320 | _aБиблиогр.: с. 204 (12 назв.) и в подстроч. прим. | ||
| 606 |
_aДошкольники _jМетодические пособия _xРазвитие речи _9957151 _3RU\NLR\auth\66356888 |
||
| 686 | _aЧ411.382.11я8 | ||
| 686 | _aЧ411.382.1я8 | ||
| 686 | _aЧ491.7я8 | ||
| 700 | 1 |
_aКислова _bТ. Р. _gТатьяна Рудольфовна _4070 |
|
| 801 | 0 |
_aRU _bNLR _c20121225 _gRCR |
|
| 801 | 1 |
_aRU _bNLR _c20121225 |
|
| 942 | _cBOOK | ||
| 980 | _aNBR | ||